| 000 | 00391nam a22001217a 4500 | ||
|---|---|---|---|
| 082 | _a220 PRO | ||
| 100 |
_aNC ABDUL HASEEB QAMAR NC ABDUL MOIZ MAZHAR NC HUMAYUN IMTIAZ KHAN _972996 |
||
| 245 | _aPR-SOF-1890-Energy Harvesting with Speed Bumps | ||
| 260 |
_aISLAMABAD _bNUST COLLEGE OF EME _c2020 |
||
| 650 |
_aDE-COMP-38 _972997 |
||
| 700 |
_a LECTURER SUFYAN HAFEEZ KHAN _972998 |
||
| 942 | _cBK | ||
| 999 |
_c578909 _d578909 |
||